Arthur goes to camp /

Arthur is not looking forward to Camp Meadowcroak, and when mysterious things start happening there, he decides to run away.

Bibliographic Details
Main Author: Brown, Marc Tolon
Format: Book
Language:English
Published: Boston : Little, Brown, [1982]
Edition:1st ed.
Subjects:

MARC

Tag First Indicator Second Indicator Subfields
LEADER 00000cam a2200000 a 4500
001 in00000032282
005 20151007060447.0
008 810914s1982 maua j 00011 eng
010 |a  81015588  
020 |a 0316112186 :  |c $8.95 
035 |a (OCoLC)07838078 
035 |9 AAC0903AM 
040 |a DLC  |c DLC  |d m/c  |d TXA  |d UtOrBLW 
049 |a [Curr Col] TXAM  |c [A11032821] 
050 0 0 |a PZ7.B81618  |b An 1982 
082 0 |a [E]  |2 19 
100 1 |a Brown, Marc Tolon. 
245 1 0 |a Arthur goes to camp /  |c Marc Brown. 
250 |a 1st ed. 
264 1 |a Boston :  |b Little, Brown,  |c [1982] 
264 4 |c ©1982 
300 |a 32 unnumbered pages :  |b color illustrations ;  |c 27 cm. 
336 |a text  |b txt  |2 rdacontent 
337 |a unmediated  |b n  |2 rdamedia 
338 |a volume  |b nc  |2 rdacarrier 
500 |a "An Atlantic Monthly Press Book." 
520 |a Arthur is not looking forward to Camp Meadowcroak, and when mysterious things start happening there, he decides to run away. 
650 1 |a Camps  |x Fiction. 
650 1 |a Animals  |x Fiction. 
999 |a MARS 
999 f f |s 694d6417-7172-30ed-b52b-c2780773ab8b  |i 335c62c1-f722-387c-b0ad-16ab4f7c1e96  |t 0 
952 f f |p normal  |a Texas A&M University  |b College Station  |c Sterling C. Evans Library  |d Evans: Curriculum Collection (4th floor)  |t 0  |e PZ7.B81618 An 1982  |h Library of Congress classification  |i unmediated -- volume  |m A14811032821 
998 f f |a PZ7.B81618 An 1982  |t 0  |l Evans: Curriculum Collection (4th floor)